Województwo konińskie 1975-98 miasta - Statystyki

Ogólne statystyki
  • Ten quiz został rozwiązany 86 razy
  • Średni wynik to 8 z 18
Statystyki odpowiedzi
Ludność Miasto % Poprawnych
83 426 Konin
97%
24 076 Koło
82%
30 864 Turek
74%
14 892 Słupca
71%
3100 Ślesin
67%
4200 Golina
56%
3600 Kleczew
53%
3500 Sompolno
53%
3300 Tuliszków
47%
2400 Rychwał
41%
7200 Kłodawa
33%
1500 Dobra
23%
2100 Dąbie
20%
1800 Przedecz
17%
3100 Pyzdry
17%
2900 Zagorów
17%
3100 Uniejów
12%
8100 Witkowo
11%
Nie znaleziono quizów pasujących do podanych kryteriów
Rozkład punktacji
Procent ludzi z każdym wynikiem
Percentyl według liczby udzielonych odpowiedzi
Twoja historia wyników
Nie rozwiązałeś tego quizu